|
|
|
|
| LEADER |
01214nam a2200289 a 4500 |
| 001 |
14522 |
| 003 |
BD-DhAAL |
| 008 |
091223s1994 nyub 001 0 eng d |
| 999 |
|
|
|c 6380
|d 6380
|
| 010 |
|
|
|a 93030639
|
| 020 |
|
|
|a 0713990228 (hc)
|
| 020 |
|
|
|a 0140124896 (pbk)
|
| 020 |
|
|
|a 9780140124897
|
| 040 |
|
|
|a DLC
|c DLC
|d DLC
|d BD-DhAAL
|
| 082 |
0 |
0 |
|a 909
|2 20
|
| 100 |
1 |
|
|a Braudel, Fernand.
|9 51231
|
| 240 |
1 |
0 |
|a Grammaire des civilisations.
|l English
|
| 245 |
1 |
2 |
|a A history of civilizations /
|c Fernand Braudel ; translated by Richard Mayne.
|
| 260 |
|
|
|a New York, N.Y. :
|b A. Lane ;
|b Penguin Books,
|c 1993, 1995.
|
| 300 |
|
|
|a xl, 600 pages :
|b maps ;
|c 24 cm.
|
| 500 |
|
|
|a Includes index.
|
| 541 |
1 |
|
|a Donated By Akbar Ali Khan
|e 14522, 39517
|
| 650 |
|
0 |
|a Civilization
|x History.
|9 51232
|
| 852 |
4 |
|
|a Ayesha Abed Library
|c General Stacks
|
| 942 |
|
|
|2 ddc
|c BK
|
| 952 |
|
|
|0 0
|1 4
|2 ddc
|4 0
|6 909_000000000000000_BRA
|7 0
|9 6438
|a BRACUL
|b BRACUL
|c GEN
|d 2009-12-24
|g 1173.00
|l 0
|o 909 BRA
|p 3010014522
|r 2009-12-24
|t 1
|w 2009-12-24
|y BK
|x Koha Inventory 2020
|
| 952 |
|
|
|0 0
|1 0
|2 ddc
|4 0
|6 909_000000000000000_BRA
|7 1
|9 71776
|a BRACUL
|b BRACUL
|c AAKC
|d 2022-09-04
|e Donated by Akbar Ali Khan
|l 0
|o 909 BRA
|p 3010039517
|r 2022-09-04
|t 2
|w 2022-09-04
|y BK
|